Directory of state organisations of the Socialist Republic of Viet Nam
Sparad:
| Materialtyp: | Bok |
|---|---|
| Språk: | Undetermined |
| Publicerad: |
H.
UNDP
1999
|
| Ämnen: | |
| Taggar: |
Lägg till en tagg
Inga taggar, Lägg till första taggen!
|
| Thư viện lưu trữ: | Trung tâm Học liệu Trường Đại học Cần Thơ |
|---|
| LEADER | 00538nam a2200169Ia 4500 | ||
|---|---|---|---|
| 001 | CTU_54035 | ||
| 008 | 210402s9999 xx 000 0 und d | ||
| 082 | |a 351.597 | ||
| 082 | |b D597 | ||
| 245 | 0 | |a Directory of state organisations of the Socialist Republic of Viet Nam | |
| 260 | |a H. | ||
| 260 | |b UNDP | ||
| 260 | |c 1999 | ||
| 650 | |a vietnam,public administration,organization of the Socialist Republic of Viet Nam | ||
| 650 | |x politics and government | ||
| 650 | |z vietnam | ||
| 980 | |a Trung tâm Học liệu Trường Đại học Cần Thơ | ||